Statistiques concernant Tous les résultats de Manchester united saison 2022/2023

Cliquez ici pour prendre le quiz!

Statistiques générales

  • Ce quiz a été pris 53 fois
    (36 depuis la dernière actualisation)
  • Le résultat moyen est 35 sur 62

Statistiques - réponses

DateCompétitionMatchRéponse% Correct
22/08/2022Premier LeagueManchester United - Liverpool2-1
91%
13/08/2022Premier LeagueBrentford - Manchester United4-0
91%
07/08/2022Premier LeagueManchester United - Brighton1-2
85%
27/08/2022Premier LeagueSouthampton - Manchester United0-1
79%
04/09/2022Premier LeagueManchester United - Arsenal3-1
79%
08/09/2022Europa LeagueManchester United - Real Sociedad0-1
74%
02/10/2022Premier LeagueManchester City - Manchester United6-3
74%
01/09/2022Premier LeagueLeicester - Manchester United0-1
71%
15/09/2022Europa LeagueSheriff Tiraspol - Manchester United0-2
68%
22/10/2022Premier LeagueChelsea - Manchester United1-1
65%
05/03//2023Premier LeagueLiverpool - Manchester United7-0
65%
19/10/2022Premier LeagueManchester United - Tottenham2-0
62%
22/01/2023Premier LeagueArsenal - Manchester United3-2
62%
16/10/2022Premier LeagueManchester United - Newcastle0-0
59%
03/11/2022Europa LeagueReal Sociedad - Manchester United0-1
59%
26/02/2023EFL CupManchester United - Newcastle2-0
59%
23/02/2023Europa LeagueManchester United - Barcelone2-1
59%
14/01/2023Premier LeagueManchester United - Manchester City2-1
59%
03/06/2023FA CupManchester City - Manchester United2-1
59%
16/02/2023Europa LeagueBarcelone - Manchester United2-2
59%
13/04/2023Europa LeagueManchester United - Seville2-2
59%
27/10/2022Europa LeagueManchester United - Sheriff Tiraspol3-0
59%
20/04/2023Europa LeagueSeville - Manchester United3-0
59%
13/10/2022Europa LeagueManchester United - Omonia Nicosie1-0
56%
09/10/2022Premier LeagueEverton - Manchester United1-2
56%
06/10/2022Europa LeagueOmonia Nicosie - Manchester United2-3
56%
30/10/2022Premier LeagueManchester United - West Ham1-0
53%
18/01/2023Premier LeagueCrystal Palace - Manchester United1-1
53%
28/05/2023Premier LeagueManchester United - Fulham2-1
53%
27/04/2023Premier LeagueTottenham - Manchester United2-2
53%
27/12/2022Premier LeagueManchester United - Nottingham Forest3-0
53%
25/05/2023Premier LeagueManchester United - Chelsea4-1
53%
31/12/2022Premier LeagueWolverhampton - Manchester United0-1
50%
12/02/2023Premier LeagueLeeds - Manchester United0-2
50%
25/01/2023EFL CupNottingham Forest - Manchester United0-3
50%
13/11/2022Premier LeagueFulham - Manchester United1-2
50%
02/04/2023Premier LeagueNewcastle - Manchester United2-0
50%
01/02/2023EFL CupManchester United - Nottingham Forest2-0
50%
21/12/2022EFL CupManchester United - Burnley2-0
50%
10/01/2023EFL CupManchester United - Charlton Athletic3-0
50%
03/01/2023Premier LeagueManchester United - Bournemouth3-0
50%
19/03/2023FA CupManchester United - Fulham3-1
50%
28/01/2023FA CupManchester United - Reading3-1
50%
01/03/2023FA CupManchester United - West Ham3-1
50%
09/03/2023Europa LeagueManchester United - Betis Seville4-1
50%
23/04/2023FA CupBrighton - Manchester United0-0
47%
16/03/2023Europa LeagueBetis Seville - Manchester United0-1
47%
20/05/2023Premier LeagueBournemouth - Manchester United0-1
47%
16/04/2023Premier LeagueNottingham Forest - Manchester United0-2
47%
04/05/2023Premier LeagueBrighton - Manchester United1-0
47%
05/04/2023Premier LeagueManchester United - Brentford1-0
47%
07/05/2023Premier LeagueWest Ham - Manchester United1-0
47%
08/04/2023Premier LeagueManchester United - Everton2-0
47%
13/05/2023Premier LeagueManchester United - Wolverhampton2-0
47%
04/02/2023Premier LeagueManchester United - Crystal Palace2-1
47%
19/02/2023Premier LeagueManchester United - Leicester3-0
47%
06/11/2022Premier LeagueAston Villa - Manchester United3-1
47%
12/03/2023Premier LeagueManchester United - Southampton0-0
44%
08/02/2023Premier LeagueManchester United - Leeds2-2
44%
06/01/2023FA CupManchester United - Everton3-1
44%
30/04/2023Premier LeagueManchester United - Aston Villa1-0
41%
10/11/2022EFL CupManchester United - Aston Villa4-2
38%

Distribution des résultats

Percentile par nombre de réponses

% des personnes avec chaque résultat

Votre développement - résultats

Vous n’avez pas pris ce quiz depuis la dernière actualisation